Nocturno de Chile
محفوظ في:
| المؤلف الرئيسي: | |
|---|---|
| التنسيق: | كتاب |
| اللغة: | الإسبانية |
| منشور في: |
Barcelona
Anagrama
2000
|
| الطبعة: | 1a. ed |
| سلاسل: | Narrativas Hispánicas, 293
|
| الموضوعات: | |
| الوسوم: |
إضافة وسم
لا توجد وسوم, كن أول من يضع وسما على هذه التسجيلة!
|
MARC
| LEADER | 00000cam a2200000 a 4500 | ||
|---|---|---|---|
| 001 | UCK6970 | ||
| 003 | CL-VaPUC | ||
| 008 | 051028e20000000SP |||||||||||||||||spa|d | ||
| 020 | |a 8433924648 | ||
| 082 | 0 | 4 | |a Ch863 |b BOL |2 21 |
| 100 | 0 | |a Bolaño, Roberto |e author |9 496440 | |
| 245 | 1 | 0 | |a Nocturno de Chile |
| 250 | |a 1a. ed | ||
| 300 | |a 150 p | ||
| 942 | |c BK | ||
| 945 | |d 20051028 00:00:00 |a cmena | ||
| 260 | |a Barcelona |b Anagrama |c 2000 | ||
| 650 | 0 | |a Novelas chilenas |9 265425 | |
| 650 | 0 | |a Literatura chilena |9 308278 | |
| 583 | |a last modification |c 20170630 04:32:47 |k Rodrigo Vera | ||
| 490 | 0 | |a Narrativas Hispánicas, 293 | |
| 999 | |c 315064 |d 315062 | ||
| 952 | |0 0 |1 0 |4 0 |6 CH_863_000000000000000_BOL_2000 |7 0 |8 R |9 387970 |a BIBEDU |b BIBEDU |d 2019-11-22 |i 4699092 |o Ch863 BOL 2000 |p 4699092 |r 2019-11-22 |w 2019-11-22 |y BK_R |k LIT | ||
| 952 | |0 0 |1 0 |4 0 |6 CH_863_000000000000000_BOL_2000 |7 0 |8 R |9 387971 |a BIBEDU |b BIBEDU |c MCIRC |d 2019-11-22 |i 4699106 |l 2 |o Ch863 BOL 2000 |p 4699106 |r 2025-03-24 |s 2025-03-24 |w 2019-11-22 |y BK_R |k LIT | ||